000 01270cam a22003617a 4500
003 CHAP
005 20220329142259.0
008 000504d2000 mx r 00110 spa d
010 _a81002
011 _a81974
035 _a92458
040 _cCHAP
090 _aTesis
100 0 0 _aRivera Gutiérrez, Eloisa.
_997662
245 1 0 _aEstrategias de formación de asesores para productores rurales :
_bcaso práctico
_c/por Eloisa Rivera Gutiérrez
260 _aChapingo, Méx. :
_bEl autor,
_c2000.
300 _a83 h.
502 _aTesis (Ing. Agr. Esp. en Economía Agrícola) -- UACH. División de Ciencias Económico Administrativas
590 _aALEPH
_b10
_c20130110
_lUCH01
_h1434
590 _aBATCH-UPD
_b10
_c20130110
_lUCH01
_h0811
590 _aBATCH-UPD
_b10
_c20130410
_lUCH01
_h0448
590 _aBATCH-UPD
_b10
_c20130914
_lUCH01
_h0505
590 _aCONVERSION
_b10
_c20130109
_lUCH01
_h1345
650 1 4 _aAgricultura
_xClubes.
_91362
650 1 4 _aAgricultura
_xEstudio y ensenanza.
_91474
650 1 4 _aAyuda técnica.
_99035
650 1 4 _aDesarrollo rural.
_932067
901 _aBK
905 _aLilia Sánchez G.
942 _cFOLL
949 _bBC
_cTES
_d33724000778080
_eTS2
_fc.2
_h36170
_i92458
_sb
949 _bBC
_cTES
_d924581
_eTS1
_h36169
_i92458
_sb
999 _c81002
_d81002